| 000 | 00352nam a2200145Ia 4500 | ||
|---|---|---|---|
| 008 | 230312s9999||||xx |||||||||||||| ||und|| | ||
| 020 | _a0-512-73841-5 | ||
| 082 |
_a519.2 _bDUD-U |
||
| 100 | _aDudley;R,M | ||
| 245 | 0 | _aUniform central limit theorems | |
| 260 |
_bDudley _ausa _c2014 |
||
| 300 | _a472 | ||
| 650 |
_aEngineering _vAvionics |
||
| 942 | _cBK | ||
| 999 |
_c12454 _d12454 |
||